000 00849nam a2200181Ia 4500
008 0000001986 sp ad 0000000000spa00
090 _aPSP29 S67md
245 1 0 _a42 obras de Joan Miró = 42 works by Joan Miró the property of Doña Pilar Miró, to be sold for the benefit of the Ilar and Joan Miro Foundation, Palma de Mallorca
_c/ Sotheby's
300 _a[70] p.
_c/ 27 cm.
500 _aSubasta realizada en Sotheby's, Madrid, diciembre 9 de 1986 a las 8:00 pm \ Registro auspiciado por la FGAA. Bogotá
600 0 0 _aMIRO, JOAN, 18931983/
_xTRABAJOS PICTORICOS
650 1 4 _aARTE CONTEMPORANEO ESPAÑOL SUBASTAS
650 1 4 _aARTISTAS PLASTICOS ESPAÑOLES SUBASTAS
650 1 4 _xCATALOGOS
650 1 4 _aPINTORES ESPAÑOLES SUBASTAS
650 1 4 _aPINTURA ESPAÑOLA SUBASTAS
999 _c10354
_d10354
260 _aMadrid : Sotheby's
_c1986